ბათუმის შოთა რუსთაველის სახელმწიფო უნივერსიტეტის ბიბლიოთეკა

ვაზის კულტურის მავნებლები და დაავადებები (ბიბ.ჩანაწერი № 50799)

000 -LEADER
fixed length control field 00926nam a2200241Ia 4500
001 - CONTROL NUMBER
control field 17751
003 - CONTROL NUMBER IDENTIFIER
control field GE_BSU
008 - FIXED-LENGTH DATA ELEMENTS--GENERAL INFORMATION
fixed length control field 181216s||||||||xx |||||||||||||| ||und||
020 ## - INTERNATIONAL STANDARD BOOK NUMBER
International Standard Book Number 9789941448836
040 ## - CATALOGING SOURCE
Transcribing agency GE_BSU
080 ## - UNIVERSAL DECIMAL CLASSIFICATION NUMBER
Universal Decimal Classification number 634.8(479.22)+632
100 ## - MAIN ENTRY--PERSONAL NAME
Personal name ჩაჩხიანი, ნუნუ.
245 ## - TITLE STATEMENT
Title ვაზის კულტურის მავნებლები და დაავადებები
245 ## - TITLE STATEMENT
Remainder of title დამხმ-რე სახ-ლო
245 ## - TITLE STATEMENT
Statement of responsibility, etc. რედ.: შაქრო ყანჩაველი.
260 ## - PUBLICATION, DISTRIBUTION, ETC.
Place of publication, distribution, etc. ქუთაისი
260 ## - PUBLICATION, DISTRIBUTION, ETC.
Name of publisher, distributor, etc. აკაკი წერეთლის სახ. უნ-ტი
260 ## - PUBLICATION, DISTRIBUTION, ETC.
Date of publication, distribution, etc. 2014
300 ## - PHYSICAL DESCRIPTION
Extent 184 გვ. ილ. 21სმ.
300 ## - PHYSICAL DESCRIPTION
Accompanying material ბიბლ.გვ.172-178
653 ## - INDEX TERM--UNCONTROLLED
Uncontrolled term ვაზის კულტურის მავნებლები და დაავადებები
942 ## - ADDED ENTRY ELEMENTS (KOHA)
Koha item type წიგნი
ეგზემპლარები
Withdrawn status Lost status Damaged status Not for loan Date acquired Barcode Date last seen Price effective from Koha item type
        2018-12-17 41603 2018-12-17 2018-12-17 წიგნი